Physical examination & health assessment. / (Record no. 9244)
[ view plain ]
| 000 -LEADER | |
|---|---|
| fixed length control field | 01771nam a22002777a 4500 |
| 003 - CONTROL NUMBER IDENTIFIER | |
| control field | OSt |
| 005 - DATE AND TIME OF LATEST TRANSACTION | |
| control field | 20221003153532.0 |
| 008 - FIXED-LENGTH DATA ELEMENTS--GENERAL INFORMATION | |
| fixed length control field | 180208b xxu||||| |||| 00| 0 eng d |
| 010 ## - LIBRARY OF CONGRESS CONTROL NUMBER | |
| LC control number | 2003045490 |
| 020 ## - INTERNATIONAL STANDARD BOOK NUMBER | |
| International Standard Book Number | 0721697739 |
| 040 ## - CATALOGING SOURCE | |
| Transcribing agency | LC |
| 050 ## - LIBRARY OF CONGRESS CALL NUMBER | |
| Classification number | RC76.J37 |
| 100 ## - MAIN ENTRY--PERSONAL NAME | |
| Fuller form of name | Jarvis, Carolyn |
| 9 (RLIN) | 459 |
| 245 ## - TITLE STATEMENT | |
| Title | Physical examination & health assessment. / |
| Statement of responsibility, etc. | Carolyn Jarvis |
| 250 ## - EDITION STATEMENT | |
| Edition statement | 4th ed. |
| 260 ## - PUBLICATION, DISTRIBUTION, ETC. | |
| Place of publication, distribution, etc. | St Louis, Missouri: |
| Name of publisher, distributor, etc. | Saunders, |
| Date of publication, distribution, etc. | 2004. |
| 300 ## - PHYSICAL DESCRIPTION | |
| Extent | xvii, 910 p.: |
| Other physical details | ills.; |
| 500 ## - GENERAL NOTE | |
| General note | Includes index. |
| 505 ## - FORMATTED CONTENTS NOTE | |
| Formatted contents note | Contents: Assessment of the whole person: Critical thinking in health assessment -- Developmental tasks and health promotion across the life cycle -- Transcultural considerations in assessment -- The interview -- Domestic violence assessment -- The complete health history -- Mental status assessment -- Nutritional assessment -- Approach to the clinical setting: Assessment techniques and the clinical setting -- General survey, measurement, vital signs -- Pain assessment: the fifth vital sign -- Physical examination: Skin, hair and nails -- Head and neck, including regional lymphatics, -- Eyes -- Ears -- Nose, mouth and throat -- Breasts and regional lymphatics -- Thorax and lungs -- Heart and neck vessels -- Peripheral vascular system and lymphatic system -- Abdomen -- Musculoskeletal system -- Neurologic system -- Male genitalia -- Anus, rectum and prostate -- Female genitalia --The pregnant female -- Integration of the health system: The complete health assessment: putting it all together, -- |
| 654 ## - SUBJECT ADDED ENTRY--FACETED TOPICAL TERMS | |
| Source of heading or term | Physical diagnosis |
| 654 ## - SUBJECT ADDED ENTRY--FACETED TOPICAL TERMS | |
| Source of heading or term | Nursing assessment |
| 654 ## - SUBJECT ADDED ENTRY--FACETED TOPICAL TERMS | |
| Source of heading or term | Physicla examination |
| Focus term | methods |
| 654 ## - SUBJECT ADDED ENTRY--FACETED TOPICAL TERMS | |
| Source of heading or term | Medical history taking |
| Focus term | methods |
| 654 ## - SUBJECT ADDED ENTRY--FACETED TOPICAL TERMS | |
| Source of heading or term | Nursing assessment |
| Focus term | methods |
| 942 ## - ADDED ENTRY ELEMENTS (KOHA) | |
| Source of classification or shelving scheme | Library of Congress Classification |
| Koha item type | Books |
| Withdrawn status | Lost status | Source of classification or shelving scheme | Damaged status | Not for loan | Home library | Current library | Shelving location | Date acquired | Total Checkouts | Full call number | Barcode | Date last seen | Price effective from | Koha item type |
|---|---|---|---|---|---|---|---|---|---|---|---|---|---|---|
| Library of Congress Classification | WISCONSIN INTERNATIONAL UNIVERSITY COLLEGE, GHANA KUMASI LIBRARY | WISCONSIN INTERNATIONAL UNIVERSITY COLLEGE, GHANA KUMASI LIBRARY | nursing | 05/12/2019 | RC76.J37(4e) | KSN/994/994/19 | 03/10/2022 | 03/10/2022 | Books |
